00976nam a2200277 a 450000100060000000300080000600500170001400800410003102000150007202000150008703500190010204000350012104100080015608200240016410000300018824500340021826000710025230000250032349000350034850400370038360000660042083000430048694200120052999900170054195201400055862887BD-RjUL20211209081134.0170126s1968 enk b 00010 eng d a0710062257 a0710062281 a(BD-RjUL)63015 aBD-RjULbengdBD-RjULcBD-RjUL aeng0 a843.8223bWAE 19681 aWalker, Philip D.918699410aEmile Zola /cPhilip D Walker aLondon ; a New York :aRoutledge & K. Paul,bHumanities P.,c1968 ax, 118 p. ; c19 cm.0 aProfiles in literature series. aIncludes bibliography and index.10aZola, Emile,d1840-1902xCriticism and interpretation9186995 aProfiles in literature series.9186996 2ddccBK c62887d62887 00102ddc40718NFICaRUCLbRUCLcReadingd1970-08-18eZeitlingerg161.00l0o843.8 WAE 1968r2017-01-26 00:00:00tC-1w2017-01-26yBK